000 00494 a2200181 4500
003 OSt
005 20231201100628.0
008 231201b |||||||| |||| 00| 0 eng d
020 _a9789355492029
040 _coclc
082 _a894.8123
_bJAY/M
100 _aJayamohan
_96962
245 _aMaayapponnu /
_cJayamohan
250 _a3rd ed.
260 _aKozhikode:
_bMathrubhumi Books,
_c2022.
300 _a151p.
942 _2ddc
_cBK
_h894.8123
_iJAY/M
_k894.8123
_mJAY/M
999 _c43909
_d43909